Equipos de fútbol Chile 2022 - Estadísticas

Estadísticas generales
  • Esta prueba ha sido intentada 913 veces
  • La puntuación promedio es 39 de 96
Estadísticas de respuestas
División (2022) Equipo % Correcto
Primera A Colo Colo
99%
Primera A Universidad de Chile
96%
Primera A Universidad Católica
95%
Primera B Cobreloa
86%
Primera A Cobresal
85%
Primera A Huachipato
85%
Primera A Unión Española
84%
Primera A Audax Italiano
83%
Primera A Palestino
83%
Primera A Coquimbo Unido
80%
Primera A Everton
79%
Primera A Ñublense
78%
Primera B Santiago Wanderers
78%
Primera B Deportes Iquique
76%
Primera A O´Higgins
76%
Primera A Unión La Calera
75%
Primera A Deportes La Serena
74%
Primera B Santiago Morning
73%
Primera A Curicó Unido
72%
Segunda Deportes Concepción
72%
Primera B Universidad de Concepción
72%
Primera B Magallanes
71%
Primera A Deportes Antofagasta
70%
Primera B Deportes Copiapó
69%
Primera B Rangers
69%
Primera B Deportes Temuco
67%
Segunda San Marcos
65%
Primera B San Luis
64%
Primera B Deportes Puerto Montt
63%
Primera B Barnechea
62%
Primera B Deportes Melipilla
61%
Segunda Deportes Limache
60%
Primera B Unión San Felipe
60%
Primera B Fernández Vial
59%
Primera B Deportes Recoleta
56%
Tercera B Santiago City
53%
Segunda Deportes Valdivia
52%
Segunda San Antonio Unido
49%
Segunda Trasandino
49%
Primera B Deportes Santa Cruz
48%
Segunda Iberia
48%
Tercera A Lota Schwager
46%
Segunda Lautaro de Buin
45%
Tercera A Provincial Osorno
45%
Segunda Real San Joaquín
42%
Segunda General Velásquez
41%
Tercera A Deportes Linares
40%
Tercera B Naval
40%
Segunda Rodelindo Román
39%
Tercera A Deportes Rengo
35%
Tercera B Chimbarongo FC
34%
Tercera A Deportes Colina
33%
Tercera A Provincial Ovalle
33%
Tercera A Colchagua
31%
Segunda Independiente de Cauquenes
31%
Tercera B Concón National
30%
Tercera A Brujas de Salamanca
29%
Tercera B Malleco Unido
25%
Tercera A Quintero Unido
23%
Tercera B Municipal Puente Alto
22%
Tercera A Unión Compañías
22%
Tercera A Municipal Mejillones
21%
Tercera A Rancagua Sur
20%
Tercera B Tricolor de Paine
20%
Tercera A Deportes Quillón
19%
Tercera B Ferroviarios
19%
Tercera B Comunal Cabrero
18%
Tercera B Aguará
17%
Tercera A Provincial Ranco
15%
Tercera B Deportes Rancagua
14%
Tercera B Curacaví FC
13%
Tercera A Municipal Santiago
12%
Tercera B Cajón del Maipo
11%
Tercera B Deportes Tomé
11%
Tercera A La Pintana Unida
11%
Tercera B Provincial Talagante
11%
Tercera B CEFF Copiapó
10%
Tercera B Cultural Maipú
10%
Tercera B Gasparín FC
10%
Tercera B Nacimiento
10%
Tercera B Mulchén Unido
9%
Tercera B Republica Independiente de Hualqui
9%
Tercera B Pumas FC
8%
Tercera B Caupolicán de Cauquenes
7%
Tercera B Clan Juvenil
7%
Tercera B Simón Bolivar
7%
Tercera B Deportivo La Granja
6%
Tercera B EFC Conchalí
6%
Tercera B PGM San Pedro
5%
Tercera B San Pedro de la Paz
5%
Tercera B Santa Juana
5%
Tercera B CSD Ovalle
4%
Tercera B Deportivo Gol y Gol
4%
Tercera B Deportivo Pilmahue
4%
Tercera B Escuela de Fútbol de Macul
4%
Tercera B Huertos Familiares
3%
No se encontraron pruebas coincidentes
Distribución de puntuación
Porcentaje de gente con cada puntuación
Porcentaje por número respondido
Historial de tus puntuaciones
No has intentado esta prueba.